| 000 | 00545nam a2200169 a 4500 | ||
|---|---|---|---|
| 001 | 000021037 | ||
| 005 | 20240228142033.0 | ||
| 008 | 100830s1985 dr a 000 0 spa d | ||
| 040 |
_aDO-SdBNP _bspa _cBNPHU |
||
| 082 |
_axxx _bC117m |
||
| 100 | 1 |
_aCabral Achécar, Quilvio _944013 |
|
| 245 | 1 | 0 |
_aMemorias de un viaje a Oriente / _cQuilvio Cabral Achecar ; prólogo Manuel Mora Serrano. |
| 260 |
_aSanto Domingo : _bCENAPEC, _c1985. |
||
| 300 |
_a113 p. : _bil. ; _c22 cm. |
||
| 700 | 1 |
_aMora Serrano, Manuel, _c1933- _epról. _95162 |
|
| 049 | _aBNPD | ||
| 999 |
_c20540 _d20540 |
||